000 00346pab a2200145 454500
008 180718b1991 xxu||||| |||| 00| 0 eng d
100 _aPuri, Yogesh
245 _aRe - examining religion, communalism and communal riots
260 _c1991
300 _a13-15
362 _a23 Mar.
650 _aRiots
773 _aMainstream
909 _a17768
999 _c17768
_d17768